Geography and Country Traditions Quiz - Statistics

General Stats
  • This quiz has been taken 46 times
  • The average score is 7 of 12
Answer Stats
Question Answer % Correct
The Island Mauritius was home to what, now extinct, bird? Dodo bird
100%
Where is Oktoberfest mainly celebrated? Germany
100%
Where was pizza invented? Italy
80%
What is the capital city of Bosnia and Herzegovina? Sarajevo
80%
What is the capital city of Bulgaria? Sofia
80%
Where does the biggest animal that ever lived, live? In the Ocean
60%
Sake is a _________ beverage. Japanese
60%
What is the most spoken language in all the world? English
40%
Which of these countries does not border the Adriatic Sea? Hungary
40%
Which of these notable figures was born on the island of Corsica? Napoleon Bonaparte
40%
What is the driest Continent? Antarctica
20%
Which is the biggest Sea? Philippine Sea
0%
No matching quizzes found
Score Distribution
Percent of People with Each Score
Percentile by Number Answered
Your Score History
You have not taken this quiz